Kurs russkoi istorii /

Bibliographic Details
Main Author: Kli︠u︡chevskiĭ, V. O. (Vasiliĭ Osipovich), 1841-1911
Format: Book
Language:Russian
Published: Moskva : Gos. izd-vo, 1925.
Subjects:

MARC

Tag First Indicator Second Indicator Subfields
LEADER 00000cam a2200000Ia 4500
001 in00002066607
005 20151101191111.0
008 810324m19259999ru 000 0 ruso
035 |a (OCoLC)ocm07257363 
040 |a CLE  |c CLE  |d UIU  |d TXA  |d UtOrBLW 
043 |a e-ur--- 
049 |a TXAM 
050 4 |a DK40  |b .K596 1921 
092 |a 947  |b 51 
100 1 |a Kli︠u︡chevskiĭ, V. O.  |q (Vasiliĭ Osipovich),  |d 1841-1911. 
245 1 0 |a Kurs russkoi istorii /  |c V.O. Kli︠u︡chevskiĭ. 
264 1 |a Moskva :  |b Gos. izd-vo,  |c 1925. 
300 |a 5 volumes 
336 |a text  |b txt  |2 rdacontent 
337 |a unmediated  |b n  |2 rdamedia 
338 |a volume  |b nc  |2 rdacarrier 
536 |a From the Estate of George and Mathilda Sabo by Dr. Joseph R. Corcoran & Irene Sabo Corcoran and Family. September 1998. 
651 0 |a Soviet Union  |x History. 
948 |a cataloged  |b h  |c 2005/7/12  |d c  |e tchubaryan  |f 3:00:05 pm 
994 |a C0  |b TXA 
999 |a MARS 
999 f f |s adbcf61d-212f-3bd0-889c-9a67bec89e5f  |i bc35dd16-27fc-300b-9ff8-a28a396fca0d  |t 0 
952 f f |p ric  |a Texas A&M University  |b Rellis Campus  |c Joint Library Facility  |d Remote Storage  |t 0  |e DK40 .K596 1921  |h Library of Congress classification  |i unmediated -- volume  |k ch.4  |m A14833106696 
952 f f |p ric  |a Texas A&M University  |b Rellis Campus  |c Joint Library Facility  |d Remote Storage  |t 0  |e DK40 .K596 1921  |h Library of Congress classification  |i unmediated -- volume  |k ch.3  |m A14833106735 
998 f f |a DK40 .K596 1921  |s ch.3-ch.4  |t 0  |l Remote Storage